000 00358pab a2200145 454500
008 180718b2003 xxu||||| |||| 00| 0 eng d
100 _aRanganathan, V.
245 _aTanir Bavi: how not to sign PPAs
260 _c2003
300 _ap.2791-794.
362 _a5 Jul
650 _aPower industry
773 _aEconomic and Political Weekly
909 _a57194
999 _c57194
_d57194